000 00671nam a2200289Ia 4500
005 20260324124653.0
008 008 260324s9999 xx 000 0 eng d
020 _a9781315080338
037 _aEBOOK
040 _aCRL
040 _beng
040 _cCRL
041 _2eng
041 _aeng
084 _qCRL
100 _aPeter Stanlis
_91175054
245 0 _aConversations with Robert Frost
245 4 _bThe Bread Loaf Period
260 _bTaylor and Francis
260 _c2010
365 _a
365 _b230
856 _uhttp://www.taylorfrancis.com/books/9781315080338
942 _cEBOOK
999 _c1769623
_d1769623